banner koha

Hermafroditismo em jabuti piranga (Geochelone carbonaria) (Registro n. 228773)

MARC details
000 -LÍDER
campo de controle de tamanho fixo 01103nas a2200349 4500
001 - NÚMERO DE CONTROLE
campo de controle BR2013004591
003 - IDENTIFICADOR DO NÚMERO DE CONTROLE
campo de controle BR-BrBNA
005 - DATA E HORÁRIO DA ÚLTIMA TRANSAÇÃO
campo de controle 20231205122448.0
007 - CAMPO FIXO DE DESCRIÇÃO FÍSICA--INFORMAÇÃO GERAL
campo de controle de tamanho fixo ta
008 - CAMPO DE DADOS FIXOS--INFORMAÇÃO GERAL
campo de controle de tamanho fixo 230509b bl.|||p| |||| 00| 00por d
040 ## - FONTE DA CATALOGAÇÃO
Instituição da catalogação original BR-BrBNA
Idioma da catalogação por
Instituição que transcreveu o registro Biblioteca Nacional de Agricultura
041 ## - CÓDIGO DE IDIOMA
Código do idioma do texto/trilha sonora ou título diferente (Pt)
072 ## - CÓDIGO DE CATEGORIA DE ASSUNTO
Código de Categoria de Assunto L74
100 1# - ENTRADA PRINCIPAL--NOME PESSOAL
Nome pessoal Conceição, A.M.
100 1# - ENTRADA PRINCIPAL--NOME PESSOAL
Nome pessoal Almeida, B. M.
100 1# - ENTRADA PRINCIPAL--NOME PESSOAL
Nome pessoal Brasileiro, M.T.R.
100 1# - ENTRADA PRINCIPAL--NOME PESSOAL
Nome pessoal Barros, L.E.D.
100 1# - ENTRADA PRINCIPAL--NOME PESSOAL
Nome pessoal Wiltshire, S.A.
100 1# - ENTRADA PRINCIPAL--NOME PESSOAL
Nome pessoal Sarmento, C.A.P.
100 1# - ENTRADA PRINCIPAL--NOME PESSOAL
Nome pessoal <br/>
100 1# - ENTRADA PRINCIPAL--NOME PESSOAL
Nome pessoal <br/>
245 1# - TÍTULO
Título Hermafroditismo em jabuti piranga (Geochelone carbonaria)
246 1# - FORMA VARIANTE DO TÍTULO
Título/título abreviado Hermaphroditism in jabuti piranga (Geochelone carbonaria)
650 ## - ASSUNTO--TERMO TÓPICO
Cabeçalho tópico ou nome geográfico JABUTI
650 ## - ASSUNTO--TERMO TÓPICO
Cabeçalho tópico ou nome geográfico HERMAFRODITISMO
650 ## - ASSUNTO--TERMO TÓPICO
Cabeçalho tópico ou nome geográfico DISTÚRBIO FISIOLÓGICO
650 ## - ASSUNTO--TERMO TÓPICO
Cabeçalho tópico ou nome geográfico APARELHO REPRODUTOR
773 0# - ENTRADA ANALÍTICA
Título Arquivo Brasileiro de Medicina Veterinária e Zootecnia (Brazil)
ISSN - International Standard Serial Number ISSN 0102-0935
Partes relacionadas (Dec 2009), v. 61(6) p. 1478-1481
Número de controle do registro BR2013004591
856 40 - LOCALIZAÇÃO ELETRÔNICA E ACESSO
Uniform Resource Identifier <a href="http://www.scielo.br/pdf/abmvz/v61n6/v61n6a36.pdf">http://www.scielo.br/pdf/abmvz/v61n6/v61n6a36.pdf</a>
909 ## -
-- 202311
-- Lúcia
-- 55
-- Lúcia Elande
942 ## - ELEMENTOS DE ENTRADA ADICIONADOS (KOHA)
Fonte da classificação ou esquema de arquivamento na estante Classificação AGRIS
Ocultar no OPAC Não
Tipo de material Koha Analítica
Exemplares
Situação do descarte Fonte da classificação ou esquema de arquivamento na estante Situação física Não pode ser emprestado Biblioteca de origem Biblioteca atual Localização na estante Enumeração do periódico / cronologia Total de empréstimos Data de último acesso Número do exemplar Tipo de material Koha Fonte de aquisição
  Classificação AGRIS   Consulta local Biblioteca Nacional de Agricultura - Binagri Biblioteca Nacional de Agricultura - Binagri   (Dec 2009), v. 61(6) p. 1478-1481   29/11/2023 01 Periódicos Portaria Interministerial nº 164/94

BINAGRI

Telefone: (61)3218-2567/2388/3357/2097 - binagri@agro.gov.br

Ministério da Agricultura e Pecuária , Esplanada dos Ministérios, Bloco D, Anexo B, Brasília/DF, CEP: 70.043-900